00685 2200241 4500001002100000005001700021008004100038020001800079035002400097082001300121090002000134100002600154245010000180250001000280260003100290300001900321500003100340650002400371850001200395980001500407985000600422999001500428YOGYA-0209000001114720090227022113.0 ind  a979-526-035-9 0010-020900000011147 a351.0072 a351.0072bAbd A aAbdul Wahab, Solikhin aAnalisis KebijaksanaanbDari Formulasi ke Implementasi kebijaksaan NegaracSolichin Abdul Wahab aCet.1 aJakartabBumi Aksarac1991 a109 hlmc21 cm aBibliografi : hlm. 107-109 aKebijaksanaan, ilmu aYOPDYOG a23-08-2005 a1 a96P0082871